Les 125 circonscriptions électorales du Québec/125 Quebec's provincial ridings - Statistiques

Statistiques générales
  • Ce quiz a été pris 510 fois
  • Le résultat moyen est 49 sur 125
Statistiques - réponses
Hint Réponse % Correct
111 S Sherbrooke
75%
37 G Gaspé
73%
63 L Laval-des-Rapides
68%
76 M Mille-Iles
65%
73 M Matane-Matapédia
63%
46 I Iles-de-la-Madeleine
60%
52 J Joliette
60%
1 A Abitibi-Est
59%
2 A Abitibi-Ouest
59%
38 G Gatineau
59%
39 G Gouin
59%
58 L Lac-Saint-Jean
59%
116 T Trois-Rivières
59%
125 W Westmount-Saint-Louis
59%
94 R Rimouski
58%
42 H Hochelaga-Maisonneuve
57%
65 L Lévis
57%
90 R René-Lévesque
57%
29 C Cote-du-Sud
55%
48 J Jean-Lesage
55%
114 T Taschereau
55%
23 C Charlevoix-Côté-de-Beaupré
54%
33 D Drummond-Bois-Francs
54%
75 M Mercier
54%
87 P Pointe-aux-Trembles
54%
97 R Roberval
54%
101 S Sainte-Marie-Saint-Jacques
54%
107 S Saint-Jérome
54%
26 C Chicoutimi
53%
100 R Rouyn-Noranda-Témiscamingue
53%
98 R Rosemont
51%
53 J Jonquière
49%
115 T Terrebonne
49%
43 H Hull
48%
95 R Rivière-du-Loup-Temiscouata
48%
85 O Outremont
47%
117 U Ungava
47%
35 D Duplessis
46%
69 M Marie-Victorin
46%
8 B Beauce-Sud
45%
61 L L'Assomption
45%
7 B Beauce-Nord
44%
120 V Vaudreuil
44%
47 J Jacques-Cartier
43%
80 M Mont-Royal
43%
122 V Verdun
43%
40 G Granby
42%
62 L Laurier-Dorion
42%
16 B Bourassa-Sauvé
41%
50 J Jean-Talon
41%
56 L La Prairie
41%
86 P Papineau
41%
88 P Pontiac
41%
91 R Repentigny
41%
55 L La Pinière
40%
106 S Saint-Jean
40%
6 A Arthabaska
37%
13 B Blainville
37%
14 B Bonaventure
37%
25 C Chauveau
37%
121 V Verchères
37%
4 A Anjou-Louis-Riel
36%
11 B Berthier
36%
5 A Argenteuil
34%
67 L Louis-Hébert
34%
104 S Saint-Henri-Sainte-Anne
34%
27 C Chomedey
33%
31 D D'Arcy-McGee
33%
123 V Viau
33%
18 B Brome-Missisquoi
32%
19 C Chambly
32%
24 C Chateauguay
32%
82 N Nicolet-Bécancour
32%
103 S Saint-François
32%
108 S Saint-Laurent
32%
113 T Taillon
32%
3 A Acadie
31%
20 C Champlain
31%
66 L Lotbinière-Frontenac
31%
17 B Bourget
30%
36 F Fabre
30%
41 G Groulx
30%
51 J Johnson
30%
71 M Maskinongé
30%
118 V Vachon
30%
9 B Beauharnois
29%
22 C Charlesbourg
29%
32 D Deux-Montagnes
29%
45 I Iberville
29%
74 M Mégantic
29%
78 M Montarville
29%
112 S Soulanges
29%
124 V Vimont
29%
77 M Mirabel
28%
84 O Orford
28%
92 R Richelieu
28%
102 S Sainte-Rose
28%
30 C Crémazie
27%
57 L Labelle
27%
54 L La Peltrie
27%
83 N Notre-Dame-de-Grace
27%
89 P Portneuf
27%
10 B Bellechasse
26%
15 B Borduas
26%
28 C Chutes-de-la-Chaudiere
26%
64 L Laviolette
26%
81 N Nelligan
26%
12 B Bertrand
25%
44 H Huntingdon
25%
79 M Montmorency
25%
93 R Richmond
25%
60 L Laporte
24%
96 R Robert-Baldwin
24%
99 R Rousseau
24%
119 V Vanier-Les-Rivieres
24%
21 C Chapleau
23%
34 D Dubuc
23%
59 L Lafontaine
23%
72 M Masson
23%
105 S Saint-Hyacinthe
23%
70 M Marquette
22%
68 M Marguerite-Bourgeoys
21%
109 S Saint-Maurice
21%
110 S Sanguinet
21%
49 J Jeanne-Mance-Viger
20%
Aucun quiz correspondant
Distribution des résultats
% des personnes avec chaque résultat
Percentile par nombre de réponses
Votre historique - résultats
Vous n’avez pas pris ce quiz